000 00265nam a2200109Ia 4500
008 220204s9999 xx 000 0 und d
082 _a910.4(495)
_bGEI
245 0 _aLet's travel in Greece
260 _aChicago
_bMcGraw Hill
700 _aGeis, Darlene
942 _cBK
999 _c30185
_d30185